LEADER 01068nam a2200229 i 4500 001 000000045959 003 CaOOAMICUS 005 20090723000000.0 008 090723s1910 xx u000 u ger u 013 $a17129 040 $aSeMil$bita 100 1 $aKoch, Hugo.$0(OLS)http://semarc/name/22853 245 10$aCyprian und der Römische primat :$beine Kirchen und dogmengeschichtliche Studie /$cvon Hugo Koch. 260 $aLeipzig :$bHinrichs'sche Buchhandlung,$c1910. 300 $a173 p. ;$c23 cm. 600 04$aCipriano : di Cartagine .$0(OLS)http://semarc/subject/8365 650 4$aPapato - Teologia.$0(OLS)http://semarc/subject/4312 650 4$aPietro - Primato.$0(OLS)http://semarc/subject/4313 850 $aSeMil 852 $aSeMil$W1$xVenegono$y1$m2A III 100$j12114$B12114$CSeMilBibl$Z2$F12114 $81 996 $6245$aCyprian und der Römische primat :$beine Kirchen und dogmengeschichtliche Studie$9(OLS)http://semarc/title/68547 996 $6260$aLeipzig :$bHinrichs'sche Buchhandlung$9(OLS)http://semarc/publisher/33281 LEADER 01158nam a2200265 i 4500 001 000000057892 003 CaOOAMICUS 005 20250623101230.0 008 100809s1978 it u000 u ita u 040 $aSeMil$bita 100 1 $aDe Rosa, Gabriele,$d<1917-2009>.$0(OLS)http://semarc/name/220 245 10$aChiesa e religione popolare nel mezzogiorno /$cGabriele De Rosa. 264 1$aRoma ; Bari :$bLaterza,$c1978. 300 $a216 p. ;$c22 cm. 490 1 $aBiblioteca di cultura moderna ;$v808 650 4$aItalia meridionale - Storia religiosa.$0(OLS)http://semarc/subject/57933 650 4$aChiesa - Italia - Storia.$0(OLS)http://semarc/subject/736 650 4$aReligiositā popolare.$0(OLS)http://semarc/subject/5755 830 0$aBiblioteca di cultura moderna ;$v808.$0(OLS)http://semarc/title/639 850 $aSeMil 852 $aSeMil$W1$xVenegono$y1$m3B II 95$j258737$B24046$CSeMilBibl$Z2$F24048 $81 961 $aAcquisto: Casa editrice 996 $6245$aChiesa e religione popolare nel mezzogiorno$9(OLS)http://semarc/title/90143 996 $6264$aRoma ; Bari :$bLaterza$9(OLS)http://semarc/publisher/30305